Attention: you're being watched (Record no. 72946)

MARC details
000 -LEADER
fixed length control field 01175cam a2200229 4500
001 - CONTROL NUMBER
control field ABS66779
008 - FIXED-LENGTH DATA ELEMENTS--GENERAL INFORMATION
fixed length control field 030627n2003 000 0 eng u
035 ## - SYSTEM CONTROL NUMBER
System control number (Sirsi) u122794
100 ## - MAIN ENTRY--PERSONAL NAME
Personal name Thomson, J.
245 ## - TITLE STATEMENT
Title Attention: you're being watched
260 ## - PUBLICATION, DISTRIBUTION, ETC.
Date of publication, distribution, etc. 2003
490 ## - SERIES STATEMENT
Series statement Estates Gazette
Volume/sequential designation (0325) 21 June 2003, 129(1)
520 ## - SUMMARY, ETC.
Summary, etc. Considers the misuse of email facilities by employees in the workplace and outlines how employers can lawfully monitor its use under the Regulation of Investigatory Powers Act 2000 and the Telecommunications (Lawful Business Practice)(Interception of Communications) Regulations 2000. Warns that employees must be aware of the employer's monitoring policy and that under some circumstances it may be considered an infringement of an employee's right to privacy under the Human Rights Act 1998.
590 ## - LOCAL NOTE (RLIN)
Local note ABS
650 ## - SUBJECT ADDED ENTRY--TOPICAL TERM
Topical term or geographic name entry element E-MAIL
650 ## - SUBJECT ADDED ENTRY--TOPICAL TERM
Topical term or geographic name entry element MONITORING
650 ## - SUBJECT ADDED ENTRY--TOPICAL TERM
Topical term or geographic name entry element HUMAN RIGHTS ACT 1998
650 ## - SUBJECT ADDED ENTRY--TOPICAL TERM
Topical term or geographic name entry element REGULATION OF INVESTIGATORY POWERS ACT 2000
650 ## - SUBJECT ADDED ENTRY--TOPICAL TERM
Topical term or geographic name entry element TELECOMMUNICATIONS (LAWFUL BUSINESS PRACTICE) (INTERCEPTIONS OF COMMUNICATIONS) REGULATIONS 2000
690 ## - LOCAL SUBJECT ADDED ENTRY--TOPICAL TERM (OCLC, RLIN)
Topical term or geographic name as entry element MANAGEMENT-BUSINESS MANAGEMENT
942 ## - ADDED ENTRY ELEMENTS (KOHA)
Suppress in OPAC 0
Holdings
Withdrawn status Lost status Source of classification or shelving scheme Damaged status Not for loan Home library Current library Shelving location Date acquired Total Checkouts Full call number Barcode Date last seen Copy number Price effective from Koha item type
    Dewey Decimal Classification     London London Journal article 27/06/2003   ABS66779 122794-1001 06/08/2019 1 06/08/2019 Journal article